000 00713nam a2200205 i 4500
001 117716
003 ES-MaACL
005 20250717045850.0
007 t|
008 070214m19151916sp a |||| | spa d
100 1 _aPereda, Francisco.
_990445
245 1 0 _aGénesis del universo /
_cFrancisco Pereda.
260 _aMadrid :
_bM. Dávila,
_c1915-1916.
300 _a2 v. ;
_c25 cm.
505 8 _aContiene: I. Primera parte: Metafísica, Filosofía y ciencia. Segunda parte: Reino sideral - II. Tercera parte: Física, Química y Mecánica. Cuarta parte: Reino mineral
650 0 4 _aCosmología.
_911389
650 0 7 _aCosmogonía
_2embne
_911387
852 _aES-MaACL
_jF-1003-04
999 _c117716
_d117716